000 00469nam a2200181 a 4500
003 OSt
005 20150204145729.0
008 020226s1970 esp 000 0 spa d
040 _cBMC
082 _a863
100 1 _aGanivet, Ángel
_9103
_d1865-1898
245 1 3 _aLa conquista del reino de maya
_cAngel Ganivet
260 _aMadrid
_bLibra
_cD.L. 1972
300 _a183 p.
_c17 cm
490 0 _aPúrpura
_v100
650 2 4 _929289
_aNovela española
942 _2ddc
_cBK
999 _c16622
_d16622